Les 10 derniers gagnant de la ligue des champions - Statistiques

Statistiques générales
  • Ce quiz a été pris 202 fois
  • Le résultat moyen est 10 sur 10
Statistiques - réponses
Hint Réponse % Correct
2024 Real Madrid
99%
2022 Real Madrid
99%
2018 Real Madrid
99%
2017 Real Madrid
99%
2016 Real Madrid
99%
2023 Manchester City
98%
2020 Bayern Munich
95%
2015 FC Barcelone
94%
2021 Chelsea
92%
2019 Liverpool
91%
Aucun quiz correspondant
Distribution des résultats
% des personnes avec chaque résultat
Percentile par nombre de réponses
Votre historique - résultats
Vous n’avez pas pris ce quiz